States of Mexico by First Letter - Statistics

General Stats
  • This quiz has been taken 104 times
  • The average score is 21 of 31
Answers on the Map
Answers color-coded by a green-red scale on the quiz's map according to % correct below.
 
Answer Stats
Estado % Correct
Campeche
93%
Chiapas
93%
Chihuahua
93%
Coahuila
93%
Colima
93%
Aguascalientes
88%
Baja California
80%
Baja California Sur
80%
Durango
80%
México
78%
Michoacán
78%
Morelos
78%
Jalisco
68%
Guanajuato
65%
Guerrero
65%
Oaxaca
65%
Nayarit
58%
Nuevo León
58%
Tabasco
58%
Tamaulipas
58%
Tlaxcala
58%
Puebla
55%
Querétaro
55%
Quintana Roo
55%
San Luis Potosí
55%
Sinaloa
55%
Sonora
55%
Hidalgo
53%
Yucatán
38%
Veracruz
35%
Zacatecas
33%
No matching quizzes found
Score Distribution
Percent of People with Each Score
Percentile by Number Answered
Your Score History
You have not taken this quiz